| 000 | 00611nam a2200205 a 4500 | ||
|---|---|---|---|
| 001 | 000023707 | ||
| 005 | 20200930022415.0 | ||
| 008 | 101220s1974 sp r 001 0 spa d | ||
| 020 | _a8430507507 | ||
| 040 |
_aDO-SdBNP _bspa _cBNPHU |
||
| 082 |
_annnn _bS164e |
||
| 100 | 1 |
_aSalgari, Emilio, _d1862-1911 _944242 |
|
| 245 | 1 | 0 |
_aEn las fronteras del Far-West / _cEmilio Salgari ; ilustraciones J. P. Montero. |
| 260 |
_aBarcelona : _bSusaeta, _c1974. |
||
| 300 |
_a114, [4] p. : _bil. ; _c21 cm. |
||
| 490 | 1 | _aSaeta | |
| 700 | 1 |
_aMontero, J. P., _eill. _d1941- _948824 |
|
| 830 | 0 |
_aSaeta _922373 |
|
| 049 | _aBNGR | ||
| 999 |
_c23203 _d23203 |
||